| Tag |
First Indicator |
Second Indicator |
Subfields |
| LEADER |
00000cam a2200000 a 4500 |
| 001 |
in00002699721 |
| 005 |
20211120161520.0 |
| 006 |
m d f |
| 007 |
cr bn||||||||| |
| 008 |
110427s2008 cou ob f000 0 eng c |
| 035 |
|
|
|a (OCoLC)ocn715382262
|
| 040 |
|
|
|a GPO
|c GPO
|d GPO
|d MvI
|d UtOrBLW
|
| 042 |
|
|
|a pcc
|
| 043 |
|
|
|a n-us---
|
| 049 |
|
|
|a WWW
|
| 074 |
|
|
|a 0030-A-25 (online)
|
| 086 |
0 |
|
|a A 101.47:SW 6/2
|
| 245 |
0 |
0 |
|a Campylobacter on U.S. swine sites :
|b antimicrobial susceptibility.
|
| 246 |
3 |
|
|a Campylobacter on United States swine sites
|
| 264 |
|
1 |
|a Fort Collins, CO :
|b U.S. Dept. of Agriculture, Animal and Plant Health Inspection Service, Veterinary Services, Centers for Epidemiology and Animal Health,
|c [2008]
|
| 300 |
|
|
|a 1 online resource (2 unnumbered pages).
|
| 336 |
|
|
|a text
|b txt
|2 rdacontent
|
| 337 |
|
|
|a computer
|b c
|2 rdamedia
|
| 338 |
|
|
|a online resource
|b cr
|2 rdacarrier
|
| 490 |
1 |
|
|a APHIS Veterinary Services info sheet
|
| 500 |
|
|
|a Title from title screen (viewed on April 27, 2011).
|
| 500 |
|
|
|a "December 2008."
|
| 500 |
|
|
|a "Safeguarding American agriculture."
|
| 504 |
|
|
|a Includes bibliographical references (page [2]).
|
| 500 |
|
|
|a Electronic resource.
|
| 650 |
|
0 |
|a Swine
|x Diseases
|z United States.
|
| 650 |
|
0 |
|a Campylobacter
|z United States.
|
| 650 |
|
0 |
|a Drug resistance in microorganisms.
|
| 710 |
2 |
|
|a Centers for Epidemiology and Animal Health (U.S.)
|
| 776 |
0 |
8 |
|i Print
|t Campylobacter on U.S. swine sites
|w (OCoLC)318056133
|
| 830 |
|
0 |
|a APHIS Veterinary Services info sheet.
|
| 856 |
4 |
0 |
|u https://purl.fdlp.gov/GPO/gpo6769
|t 0
|
| 999 |
|
|
|a MARS
|
| 999 |
f |
f |
|s f739f04f-e02b-318d-97d5-6d65c9eb3fdc
|i b0e6a9c8-0295-3f24-8b42-a001cb0a3bcc
|t 0
|
| 952 |
f |
f |
|a Texas A&M University
|b College Station
|c Electronic Resources
|d Available Online
|t 0
|e A 101.47:SW 6/2
|h Superintendent of Documents classification
|
| 998 |
f |
f |
|a A 101.47:SW 6/2
|t 0
|l Available Online
|